<?xml version="1.0" encoding="UTF-8"?><?xml-stylesheet type="text/xsl" href="static/style.xsl"?><OAI-PMH xmlns="http://www.openarchives.org/OAI/2.0/" xmlns:xsi="http://www.w3.org/2001/XMLSchema-instance" xsi:schemaLocation="http://www.openarchives.org/OAI/2.0/ http://www.openarchives.org/OAI/2.0/OAI-PMH.xsd"><responseDate>2026-04-13T02:03:34Z</responseDate><request verb="GetRecord" identifier="oai:www.recercat.cat:2445/222533" metadataPrefix="marc">https://recercat.cat/oai/request</request><GetRecord><record><header><identifier>oai:recercat.cat:2445/222533</identifier><datestamp>2025-11-19T22:38:43Z</datestamp><setSpec>com_2072_1057</setSpec><setSpec>col_2072_478819</setSpec><setSpec>col_2072_478917</setSpec></header><metadata><record xmlns="http://www.loc.gov/MARC21/slim" xmlns:dcterms="http://purl.org/dc/terms/" xmlns:xsi="http://www.w3.org/2001/XMLSchema-instance" xmlns:doc="http://www.lyncode.com/xoai" xsi:schemaLocation="http://www.loc.gov/MARC21/slim http://www.loc.gov/standards/marcxml/schema/MARC21slim.xsd">
   <leader>00925njm 22002777a 4500</leader>
   <datafield ind2=" " ind1=" " tag="042">
      <subfield code="a">dc</subfield>
   </datafield>
   <datafield ind2=" " ind1=" " tag="720">
      <subfield code="a">Montolío Durán, Estrella</subfield>
      <subfield code="e">author</subfield>
   </datafield>
   <datafield ind2=" " ind1=" " tag="260">
      <subfield code="c">2025-07-23T17:02:17Z</subfield>
   </datafield>
   <datafield ind2=" " ind1=" " tag="260">
      <subfield code="c">2025-07-23T17:02:17Z</subfield>
   </datafield>
   <datafield ind2=" " ind1=" " tag="260">
      <subfield code="c">2013-02-10</subfield>
   </datafield>
   <datafield ind2=" " ind1=" " tag="260">
      <subfield code="c">2025-07-23T17:02:18Z</subfield>
   </datafield>
   <datafield ind2=" " ind1=" " tag="520">
      <subfield code="a">En este trabajo nos proponemos reflexionar sobre la valiosa capacidad textualizadora que presenta un conjunto de expresiones conectivas que, dada su composición morfológica, tienen la doble posibilidad sintáctica de introducir tanto una cláusula verbal como una cláusula nominal. Entre estas secuencias conectivas, la conjunción a pesar de (que) constituye un ejemplo paradigmático, del que nos ocuparemos en estas páginas. Nuestro objetivo específico es analizar la doble función textualizadora, de conexión y de cohesión, que desempeña la construcción [a pesar de + SN] en documentos elaborados por escritores expertos, en concreto, en un corpus de producciones textuales de divulgación de la economía. Los resultados tienen implicaciones para la descripción gramatical del español, los estudios del Análisis del Discurso –especialmente, el Análisis del Discurso Profesional (ADP)– y, asimismo, para las teorías sobre escritura profesional.</subfield>
   </datafield>
   <datafield ind1="8" ind2=" " tag="024">
      <subfield code="a">http://hdl.handle.net/2445/222533</subfield>
   </datafield>
   <datafield tag="653" ind2=" " ind1=" ">
      <subfield code="a">Connectors (Lingüística)</subfield>
   </datafield>
   <datafield tag="653" ind2=" " ind1=" ">
      <subfield code="a">Anàlisi del discurs</subfield>
   </datafield>
   <datafield tag="653" ind2=" " ind1=" ">
      <subfield code="a">Connectives (Linguistics)</subfield>
   </datafield>
   <datafield tag="653" ind2=" " ind1=" ">
      <subfield code="a">Discourse analysis</subfield>
   </datafield>
   <datafield ind2="0" ind1="0" tag="245">
      <subfield code="a">Construcciones conectivas que encapsulan. [A pesar de + SN] y la escritura experta</subfield>
   </datafield>
</record></metadata></record></GetRecord></OAI-PMH>